| 000 | 00562nam a2200181Ia 4500 | ||
|---|---|---|---|
| 003 | GCL | ||
| 008 | 140319s9999 xx 000 0 ara d | ||
| 040 |
_aGCL / _cGCL |
||
| 082 | 0 | 4 |
_a398.2 _bم ف |
| 100 | 1 | _aمحمد ابراهيم ابوسنة | |
| 245 | 1 | 0 |
_aفلسفة المثل الشعبى / _cمحمد ابراهيم ابوسنة |
| 300 | _a144 ص | ||
| 490 |
_aالمكتبة الثقافية _v0 |
||
| 650 | 0 | 4 | _aالامثال العربية |
| 650 | 0 | 4 | _aالامثال العامية |
| 650 | 0 | 4 | _aالامثال المصرية |
| 942 |
_2ddc _cBK |
||
| 999 |
_c47201 _d47201 |
||